000 00244nam a2200097Ia 4500
008 240331s9999 xx 000 0 und d
082 _a303.6
_bMIS
100 _aMisra, S.S.
245 0 _aEthnic conflict and security crisis in Sri Lanka
942 _cL
999 _c1272
_d1272